MARC

LEADER 00000nam0a2200000 4500
001 81457
005 20231031095148.0
010 |a 536200249X 
035 |a (RuTPU)RU\TPU\book\87558 
090 |a 81457 
100 |a 20050920d1989 m y0rusy50 ca 
101 0 |a rus 
102 |a mv 
105 |a y z 000ay 
200 1 |a Повести и рассказы  |f Л. Н. Андреев 
210 |a Кишинев  |c Картя молдовеняскэ  |d 1989 
215 |a 624 с. 
610 1 |a русская литература 
610 1 |a проза 
610 1 |a повести 
610 1 |a рассказы 
675 |a Р1  |v 3 
700 1 |a Андреев  |b Л. Н.  |g Леонид Николаевич 
801 1 |a RU  |b 63413507  |c 20050920  |g PSBO 
801 2 |a RU  |b 63413507  |c 20050921  |g PSBO 
942 |c BK